Sneaks / (Запис № 549954)

МАРК-запис
000 -LEADER
fixed length control field 01109cam a2200265Ii 4500
001 - CONTROL NUMBER
control field sneaks00gree
003 - CONTROL NUMBER IDENTIFIER
control field CaSfIA
005 - DATE AND TIME OF LATEST TRANSACTION
control field 20210119082917.0
007 - PHYSICAL DESCRIPTION FIXED FIELD--GENERAL INFORMATION
fixed length control field cr||||
008 - FIXED-LENGTH DATA ELEMENTS--GENERAL INFORMATION
fixed length control field 800131s1979 nyu 000 1 eng d
040 ## - CATALOGING SOURCE
Original cataloging agency MUM
Transcribing agency MUM
Modifying agency NIALS
-- CaSfIA
035 ## - SYSTEM CONTROL NUMBER
System control number (OCoLC)5932691
050 #4 - LIBRARY OF CONGRESS CALL NUMBER
Classification number PS3557.R367
Item number S54 1979
082 00 - DEWEY DECIMAL CLASSIFICATION NUMBER
Classification number 813/.5/4
100 1# - MAIN ENTRY--PERSONAL NAME
Personal name Green, Edith Pinero.
245 10 - TITLE STATEMENT
Title Sneaks /
Medium [electronic resource]
Statement of responsibility, etc Edith Piñero Green.
250 ## - EDITION STATEMENT
Edition statement Book club ed.
260 ## - PUBLICATION, DISTRIBUTION, ETC. (IMPRINT)
Place of publication, distribution, etc New York :
Name of publisher, distributor, etc Dutton,
Date of publication, distribution, etc c1979.
300 ## - PHYSICAL DESCRIPTION
Extent 212 p. ;
Dimensions 22 cm.
506 ## - RESTRICTIONS ON ACCESS NOTE
Standardized terminology for access restriction Необхідна авторизація на https://archive.org/ (створення облікового запису безкоштовно)
506 ## - RESTRICTIONS ON ACCESS NOTE
Standardized terminology for access restriction Необхідна авторизація на https://openlibrary.org/ (створення облікового запису безкоштовно)
856 41 - ELECTRONIC LOCATION AND ACCESS
Uniform Resource Identifier <a href="http://www.archive.org/details/sneaks00gree">http://www.archive.org/details/sneaks00gree</a>
Public note Free eBook from the Internet Archive
856 42 - ELECTRONIC LOCATION AND ACCESS
Uniform Resource Identifier <a href="http://www.openlibrary.org/books/OL24373506M">http://www.openlibrary.org/books/OL24373506M</a>
Public note Additional information and access via Open Library
942 ## - ADDED ENTRY ELEMENTS (KOHA)
Koha item type ЕКнига

Немає доступних примірників.